Personnalités politiques françaises n°17 - Statistiques

Statistiques générales
  • Ce quiz a été pris 95 fois
  • Le résultat moyen est 4 sur 20
Statistiques - réponses
Par images Réponse % Correct
Éric Lombard
60%
Ugo Bernalicis
57%
Ersilia Soudais
51%
Emmanuel Grégoire
40%
Cyrielle Chatelain
39%
Franck Allisio
21%
Laurent Saint-Martin
20%
Michaël Delafosse
17%
Yannick Neuder
17%
Brigitte Klinkert
16%
Guillaume Bigot
11%
Jean-Luc Bennahmias
10%
Laurence Trochu
10%
Dominique Perben
8%
Marie Barsacq
8%
Sophie Primas
7%
Valérie Letard
7%
Patrick Mignola
6%
Pierre Juquin
5%
Charlotte Parmentier-Lecocq
3%
Aucun quiz correspondant
Distribution des résultats
% des personnes avec chaque résultat
Percentile par nombre de réponses
Votre historique - résultats
Vous n’avez pas pris ce quiz